[Event "World Youth Girls U18 2014"]
[Site "Durban RSA"]
[Date "2014.09.20"]
[Round "1.1"]
[White "Saduakassova, Dinara"]
[Black "Leonardi, Caterina"]
[Result "1-0"]
[WhiteTitle "WGM"]
[WhiteElo "2409"]
[BlackElo "1903"]
[WhiteFideId "13700090"]
[BlackFideId "14601036"]
[EventDate "2014.09.20"]

1. d4 d5 2. c4 c6 3. Nf3 Nf6 4. e3 a6 5. Bd3 Bg4 6. b3 Nbd7 7. Bb2 Qc7 8. Nbd2
e6 9. O-O Be7 10. Qc2 O-O 11. Ng5 h6 12. Ngf3 Bb4 13. h3 Bh5 14. a3 Bxd2 15.
Nxd2 e5 16. cxd5 Nxd5 17. Nc4 exd4 18. Bxd4 c5 19. Bb2 b5 20. Be4 bxc4 21. Bxd5
cxb3 22. Qc3 Nf6 23. Bxa8 Rxa8 24. Qxb3 Rb8 25. Qa2 Ne4 26. Qd5 Rxb2 27. Qxe4 c4
28. Rfc1 c3 29. Qd4 Rb3 30. Rc2 Bg6 31. e4 Qb7 32. Rxc3 Rxc3 33. Qxc3 Bxe4 34.
f3 Bd5 35. Rd1 Qb6+ 36. Qd4 Qxd4+ 37. Rxd4 Bc6 38. Rd8+ Kh7 39. Kf2 f6 40. Ke3
Bb5 41. Rd5 Kg6 42. g3 Kf7 43. Rd6 Ke7 44. Rb6 Kf7 45. Kd4 g5 46. Rxb5 axb5 47.
Kc5 f5 48. Kxb5 h5 49. Kc4 Ke6 50. Kd4 g4 51. fxg4 1-0

[Event "World Youth Girls U18 2014"]
[Site "Durban RSA"]
[Date "2014.09.20"]
[Round "1.2"]
[White "Schmalhorst, Sophia"]
[Black "Rodriguez Rueda, Paula Andrea"]
[Result "0-1"]
[BlackTitle "WIM"]
[WhiteElo "1903"]
[BlackElo "2349"]
[WhiteFideId "24682497"]
[BlackFideId "4404564"]
[EventDate "2014.09.20"]

1. e4 c5 2. Nf3 d6 3. Nc3 Nf6 4. g3 g6 5. d4 cxd4 6. Nxd4 Bg7 7. Bg2 O-O 8. h3
Nfd7 9. O-O Nc6 10. Be3 Nde5 11. Nxc6 bxc6 12. Bd4 c5 13. Be3 Rb8 14. Rb1 Nc4
15. Bf4 Nxb2 16. Qf3 Be6 17. Rfe1 Qa5 18. Nd5 Bxd5 19. exd5 Nc4 20. Qe2 Rxb1 21.
Rxb1 Qxa2 22. Rb7 Bf6 23. Bf1 Nb6 24. c4 Qxe2 25. Bxe2 Ra8 26. Bd2 Kf8 27. Ba5
Na4 28. Bd1 Nc3 29. Bxc3 Bxc3 30. Kg2 Ba5 31. Ba4 Bb6 32. Kf3 Rc8 33. Bd7 Rc7
34. Rxc7 Bxc7 35. g4 Kg7 36. Kf4 Ba5 37. h4 Bd2+ 38. Ke4 a5 39. Kd3 Be1 40. Ke2
Bc3 41. g5 h6 42. f4 f6 43. Be8 Bb2 44. Kf3 Bc1 45. Kg4 Bd2 46. Bc6 h5+ 47. Kg3
Kf7 48. Bd7 Be1+ 49. Kh3 Bf2 50. Bc6 e5 51. dxe6+ Kxe6 52. Be4 a4 0-1

[Event "World Youth Girls U18 2014"]
[Site "Durban RSA"]
[Date "2014.09.20"]
[Round "1.3"]
[White "Osmanodja, Filiz"]
[Black "Rodsmoen, Maud"]
[Result "1-0"]
[WhiteTitle "WIM"]
[WhiteElo "2310"]
[BlackElo "1901"]
[WhiteFideId "24633569"]
[BlackFideId "1510550"]
[EventDate "2014.09.20"]

1. e4 c5 2. Nf3 Nc6 3. Nc3 e6 4. d4 cxd4 5. Nxd4 Qc7 6. Be2 a6 7. O-O Nf6 8. Be3
Bb4 9. Na4 Be7 10. Nxc6 bxc6 11. Nb6 Rb8 12. Nxc8 Qxc8 13. Bd4 O-O 14. Qd3 c5
15. Be5 d6 16. Bc3 d5 17. Be5 Rb6 18. exd5 exd5 19. Qg3 Qe6 20. Rfe1 Bd6 21. Bf3
Bxe5 22. Rxe5 Qd6 23. b3 d4 24. Rae1 Rc8 25. Bd5 h6 26. Bc4 Rc7 27. Qd3 Rb8 28.
a4 Ra7 29. Qe2 Rf8 30. h3 Nd7 31. Re7 Qf6 32. Qg4 Qd6 33. R1e6 Qb8 34. Re2 Nf6
35. Qg6 Rxe7 36. Rxe7 Qf4 37. Bxf7+ Kh8 38. Bc4 Qc1+ 39. Bf1 Rg8 40. Re5 Rc8 41.
Qf5 Rc7 42. Rxc5 Rxc5 43. Qxc5 Qd1 44. Qc8+ Kh7 45. Qxa6 Ne4 46. Qd3 1-0

[Event "World Youth Girls U18 2014"]
[Site "Durban RSA"]
[Date "2014.09.20"]
[Round "1.4"]
[White "Hiebler, Laura"]
[Black "Navrotescu, Andreea-Cristiana"]
[Result "0-1"]
[BlackTitle "WFM"]
[WhiteElo "1901"]
[BlackElo "2208"]
[WhiteFideId "1617621"]
[BlackFideId "675946"]
[EventDate "2014.09.20"]

1. c4 c5 2. g3 Nc6 3. Bg2 g6 4. Nc3 Bg7 5. Nf3 e6 6. O-O Nge7 7. b3 d5 8. cxd5
exd5 9. Bb2 O-O 10. Rc1 b5 11. Ba1 a6 12. e3 Bf5 13. d4 c4 14. bxc4 bxc4 15. Nd2
Bd3 16. Re1 Qa5 17. a4 Rab8 18. e4 Nxd4 19. Nxd5 Nxd5 20. exd5 Rfe8 21. Rxe8+
Rxe8 22. Bxd4 Bxd4 23. Bf1 Bxf1 24. Kxf1 c3 25. Nb3 Qxd5 26. Kg1 Rd8 27. Nxd4
Qxd4 28. Qb3 Rc8 29. a5 c2 30. Kg2 Rc3 31. Qa2 Qe4+ 32. Kg1 Qd4 33. Kg2 h5 34.
h4 Qe4+ 35. Kg1 Rxg3+ 0-1

[Event "World Youth Girls U18 2014"]
[Site "Durban RSA"]
[Date "2014.09.20"]
[Round "1.5"]
[White "Styazhkina, Anna"]
[Black "Mynzhasarova, Kamilla"]
[Result "1-0"]
[WhiteTitle "WIM"]
[WhiteElo "2203"]
[BlackElo "1882"]
[WhiteFideId "24119300"]
[BlackFideId "13703668"]
[EventDate "2014.09.20"]

1. e4 e5 2. Nf3 Nc6 3. Bb5 a6 4. Ba4 Nf6 5. d3 b5 6. Bb3 Be7 7. a4 Bb7 8. Nc3 d6
9. axb5 axb5 10. Rxa8 Qxa8 11. Nxb5 Qa5+ 12. Nc3 Nd4 13. Nd2 d5 14. exd5 Nxd5
15. Bxd5 Bxd5 16. Nxd5 Qxd5 17. O-O O-O 18. Nc4 f5 19. Re1 Bf6 20. b3 f4 21. f3
Re8 22. Bxf4 Re6 23. Bg3 c5 24. Ne3 Qd7 25. Ng4 Qe7 26. Bf2 g6 27. c3 Nc6 28.
Nxf6+ Rxf6 29. Bh4 Qd6 30. Bxf6 Qxf6 31. Qe2 Kg7 32. Qe4 Qd6 33. Ra1 1-0

[Event "World Youth Girls U18 2014"]
[Site "Durban RSA"]
[Date "2014.09.20"]
[Round "1.6"]
[White "Foster, Chantelle L"]
[Black "Marikova, Jana"]
[Result "0-1"]
[WhiteElo "1840"]
[BlackElo "2188"]
[WhiteFideId "408476"]
[BlackFideId "334138"]
[EventDate "2014.09.20"]

1. e4 c5 2. Nf3 d6 3. d4 cxd4 4. Nxd4 Nf6 5. Nc3 a6 6. Be3 e5 7. Nb3 Be7 8. f3
O-O 9. Qd2 Be6 10. O-O-O Nbd7 11. g4 b5 12. g5 b4 13. Nd5 Nxd5 14. exd5 Bf5 15.
h4 a5 16. Bd3 Bxd3 17. Qxd3 a4 18. Nd2 Qc7 19. Kb1 Nc5 20. Qe2 b3 21. cxb3 axb3
22. a3 Na4 23. Ne4 Rfc8 24. Rc1 Qb7 25. Qd3 Rc2 26. Rxc2 bxc2+ 27. Qxc2 Rb8 28.
Bc1 Nb6 29. h5 Nxd5 30. g6 Nf4 31. gxf7+ Kxf7 32. Rh2 Rc8 33. Qd2 d5 34. Nc3
Bxa3 35. h6 g6 36. Ne2 Nxe2 37. Rxe2 Bd6 38. Qd3 Qc6 39. Re1 Qc4 40. Qxc4 Rxc4
41. Rd1 Ke6 42. Ka2 Rh4 43. Re1 Bf8 44. f4 e4 45. Be3 Bxh6 46. Rf1 Rh3 47. Bc5
Rh2 48. Ka3 Bg7 49. b4 Rc2 50. Rd1 Rc3+ 51. Ka4 e3 52. Bb6 e2 53. Re1 Rc2 54.
Bf2 d4 55. b5 d3 56. b6 Rb2 57. Ka3 Kd6 58. Be3 Bc3 59. Rh1 d2 60. Bxd2 Rxd2 61.
b7 Rb2 0-1

[Event "World Youth Girls U18 2014"]
[Site "Durban RSA"]
[Date "2014.09.20"]
[Round "1.8"]
[White "Domingos, Maria M"]
[Black "Xiao, Yiyi"]
[Result "0-1"]
[BlackTitle "WFM"]
[WhiteElo "1737"]
[BlackElo "2168"]
[WhiteFideId "10100768"]
[BlackFideId "8606161"]
[EventDate "2014.09.20"]

1. e4 c5 2. d4 cxd4 3. Qxd4 Nc6 4. Qd1 Nf6 5. Nc3 e6 6. Nf3 Qc7 7. Bd3 a6 8. a3
Be7 9. O-O O-O 10. Re1 d6 11. h3 b5 12. Bf4 e5 13. Bg5 Be6 14. Bxf6 Bxf6 15. Nd5
Bxd5 16. exd5 Ne7 17. c3 Rab8 18. Rb1 a5 19. b3 Qxc3 20. Qe2 Qc5 21. Qe4 g6 22.
b4 axb4 23. Rec1 Qxd5 24. Rxb4 Qxe4 25. Bxe4 d5 26. Bb1 Ra8 27. Rxb5 e4 28. Nh2
Rxa3 29. Ng4 Bg5 30. Re1 f5 31. Ne5 Bf4 32. Nd7 Rd8 33. Rb7 Kf7 34. Bc2 d4 35.
Bb3+ Rxb3 0-1

[Event "World Youth Girls U18 2014"]
[Site "Durban RSA"]
[Date "2014.09.20"]
[Round "1.9"]
[White "Nandhidhaa, PV"]
[Black "Kahancova, Jana"]
[Result "1-0"]
[WhiteElo "2144"]
[BlackElo "1717"]
[WhiteFideId "5050847"]
[BlackFideId "14915987"]
[EventDate "2014.09.20"]

1. e4 e6 2. d4 d5 3. Bd3 Nf6 4. e5 Nfd7 5. Nf3 c5 6. c3 Nc6 7. O-O Qb6 8. Bc2
Be7 9. a3 a5 10. Ra2 O-O 11. Qd3 f5 12. exf6 Nxf6 13. Bg5 Ne4 14. Bxe7 Nxe7 15.
Nbd2 c4 16. Nxc4 Qc7 17. Ncd2 Nf6 18. Ne5 Nc6 19. f4 b6 20. Qh3 Ra7 21. Ndf3 Nd8
22. Raa1 Rb7 23. Rae1 Re8 24. Re3 Re7 25. Ng5 h6 26. Rg3 Qb8 27. Qh4 Ne8 28.
Bh7+ 1-0

[Event "World Youth Girls U18 2014"]
[Site "Durban RSA"]
[Date "2014.09.20"]
[Round "1.10"]
[White "Yashora, Tiumi"]
[Black "Wafa, Shrook"]
[Result "1-0"]
[BlackTitle "WGM"]
[WhiteElo "1706"]
[BlackElo "2141"]
[WhiteFideId "9903534"]
[BlackFideId "10609970"]
[EventDate "2014.09.20"]

1. d4 Nf6 2. c4 e6 3. g3 Bb4+ 4. Bd2 Qe7 5. Bg2 Bxd2+ 6. Qxd2 d6 7. Nc3 O-O 8.
Nf3 e5 9. O-O e4 10. Ng5 Bf5 11. Qf4 Bg6 12. Ngxe4 Nh5 13. Qd2 c6 14. Ng5 Nd7
15. Nh3 f5 16. Rad1 Bf7 17. d5 c5 18. e4 Ne5 19. Qe2 fxe4 20. Bxe4 Nf6 21. Bg2
Rae8 22. Rde1 Bh5 23. Qc2 Bg6 24. Qd1 Qd7 25. b3 Bh5 26. Qd2 Qxh3 27. Rxe5 Qg4
28. Rxe8 Rxe8 29. Re1 Rf8 30. Nb5 Qd7 31. Nxa7 Ng4 32. f3 Ne5 33. f4 Ng6 34. Nb5
Bg4 35. Qe3 h5 36. h3 Bf5 37. Kh2 Kh7 38. Qf3 h4 39. g4 Bc2 40. Qc3 Bf5 41. gxf5
Qxf5 42. Qe3 Qf6 43. Be4 Kh8 44. Bxg6 Qxg6 45. Rg1 Qf6 46. f5 Qxf5 47. Nxd6 Qf6
48. Ne8 Qd4 49. Qxd4 cxd4 50. Nd6 d3 51. Ne4 Re8 52. Nd2 Ra8 53. a4 1-0

[Event "World Youth Girls U18 2014"]
[Site "Durban RSA"]
[Date "2014.09.20"]
[Round "1.11"]
[White "Ren, Xiaoyi"]
[Black "Wang, Yan"]
[Result "1-0"]
[WhiteElo "2134"]
[BlackElo "1691"]
[WhiteFideId "8608709"]
[BlackFideId "2614910"]
[EventDate "2014.09.20"]

1. d4 Nf6 2. c4 g6 3. Nc3 Bg7 4. g3 d6 5. Bg2 Nbd7 6. Nf3 c5 7. d5 O-O 8. e4 a6
9. a4 Qc7 10. O-O Nb6 11. Qe2 Bg4 12. h3 Bxf3 13. Bxf3 Nfd7 14. a5 Nc8 15. Bg2
b6 16. axb6 Ncxb6 17. Bd2 Rfb8 18. f4 Ra7 19. Ra3 Nc8 20. b3 Rab7 21. Rb1 Qd8
22. Qd1 Ra7 23. Kh2 Nf6 24. Rba1 Rba8 25. e5 Ne8 26. Qe2 Nc7 27. Re1 Rb8 28. Ne4
Rab7 29. Qd1 Nb6 30. Bc3 Ra7 31. exd6 exd6 32. Bxg7 Kxg7 33. Qa1+ f6 34. Nxf6
Kf7 35. Nxh7 1-0

[Event "World Youth Girls U18 2014"]
[Site "Durban RSA"]
[Date "2014.09.20"]
[Round "1.12"]
[White "February, Jesse Nikki"]
[Black "Michelle Catherina, P"]
[Result "1-0"]
[WhiteElo "1688"]
[BlackElo "2114"]
[WhiteFideId "14312336"]
[BlackFideId "5005736"]
[EventDate "2014.09.20"]

1. e4 e5 2. Nf3 Nc6 3. d4 exd4 4. Bc4 Nf6 5. O-O Nxe4 6. Re1 d5 7. Nc3 dxc4 8.
Rxe4+ Be6 9. Nxd4 Nxd4 10. Rxd4 Qc8 11. Bg5 f6 12. Bxf6 gxf6 13. Qh5+ Bf7 14.
Re1+ Be7 15. Rxe7+ Kxe7 16. Qc5+ Ke8 17. Re4+ Qe6 18. Rxe6+ Bxe6 19. Qxc7 Rd8
20. h3 f5 21. Nb5 Rg8 22. Nd6+ Rxd6 23. Qxd6 Kf7 24. Qc7+ Kf6 25. Qxb7 Rg7 26.
Qc6 Rd7 27. Qc5 Rd1+ 28. Kh2 Rd7 29. Qe3 Rb7 30. b3 cxb3 31. axb3 Bd5 32. Qd4+
Ke6 33. c4 Bc6 34. Qc5 Rb6 35. b4 Be4 36. b5 Kf6 37. Qf8+ Kg6 38. Qe8+ Kf6 39.
c5 Re6 40. Qf8+ Ke5 41. c6 Rg6 42. f3 1-0

[Event "World Youth Girls U18 2014"]
[Site "Durban RSA"]
[Date "2014.09.20"]
[Round "1.13"]
[White "Rodionova, Polina"]
[Black "Bernstein, Olivia"]
[Result "1-0"]
[WhiteTitle "WFM"]
[BlackTitle "WCM"]
[WhiteElo "2090"]
[BlackElo "1645"]
[WhiteFideId "24102555"]
[BlackFideId "14307332"]
[EventDate "2014.09.20"]

1. e4 c6 2. Nc3 d5 3. Nf3 dxe4 4. Nxe4 Bf5 5. Ng3 Bg6 6. h4 h6 7. Ne5 Bh7 8. Qh5
g6 9. Bc4 e6 10. Qe2 Qe7 11. O-O Bg7 12. d4 Nf6 13. a4 Nbd7 14. Nf3 Nb6 15. Bd3
O-O 16. b3 Qc7 17. Ba3 Rfd8 18. c4 Nbd7 19. Rad1 c5 20. Bc2 cxd4 21. Nxd4 Qb6
22. Nb5 a6 23. Rd6 axb5 24. Rxb6 Nxb6 25. cxb5 Nfd5 26. Ne4 Rac8 27. a5 Nd7 28.
Nd6 Rc7 29. h5 Nf4 30. Qf3 Nf6 31. Qxf4 Rxc2 32. Nxb7 Rdc8 33. Nd6 Rd8 34. b6 g5
35. Qf3 Ra2 36. Bb4 Rb8 37. Rc1 Kh8 38. Nxf7+ Kg8 39. Nd6 Rf8 40. b7 Nd7 41. Qe3
Be5 42. g3 1-0

[Event "World Youth Girls U18 2014"]
[Site "Durban RSA"]
[Date "2014.09.20"]
[Round "1.14"]
[White "Nomalungelo, Mathe"]
[Black "Dragieva, Denitza"]
[Result "0-1"]
[BlackTitle "WFM"]
[WhiteElo "1565"]
[BlackElo "2066"]
[WhiteFideId "11001178"]
[BlackFideId "2907232"]
[EventDate "2014.09.20"]

1. e4 e5 2. Nf3 Nc6 3. Bc4 Bc5 4. c3 Nf6 5. d3 a6 6. Bg5 h6 7. Bh4 d6 8. h3 Be6
9. Bxe6 fxe6 10. Bg3 Qe7 11. Qe2 Ba7 12. Nbd2 g5 13. Nb3 Nh5 14. Bh2 Nf4 15.
Bxf4 gxf4 16. g3 fxg3 17. fxg3 O-O-O 18. O-O-O h5 19. h4 Rde8 20. Ng5 Nd8 21.
Rhf1 Ref8 22. Kb1 Rh6 23. Nd2 Qe8 24. Rxf8 Qxf8 25. Rf1 Rf6 26. Rxf6 Qxf6 27.
Qxh5 Qf2 28. Ngf3 Be3 29. Kc2 Qxg3 30. Qh7 Qf4 31. h5 Qh6 32. Qxh6 Bxh6 33. Nh2
Nf7 34. Ng4 Bf4 35. Nf3 Kd7 36. Nh4 Nh6 37. Nxh6 Bxh6 38. Ng6 Ke8 39. c4 Kf7 40.
Kd1 Kf6 41. Ke2 Kg5 42. Ne7 Kxh5 43. Kf3 Bg5 44. Nc8 Kg6 45. Kg4 Be3 46. b4 Kf7
47. Kh5 Ke8 48. Kg6 Kd7 49. a3 0-1

[Event "World Youth Girls U18 2014"]
[Site "Durban RSA"]
[Date "2014.09.20"]
[Round "1.15"]
[White "Mukhit, Aisezym"]
[Black "Shaba, Linda"]
[Result "1-0"]
[WhiteElo "2059"]
[BlackElo "1563"]
[WhiteFideId "13706349"]
[BlackFideId "11001631"]
[EventDate "2014.09.20"]

1. e4 e5 2. Nf3 Nc6 3. Bc4 Bc5 4. c3 f6 5. O-O Nge7 6. Re1 d6 7. d4 Bb6 8. h3
Ng6 9. Be3 Nce7 10. Nbd2 c6 11. Nf1 Nf4 12. Bxf4 exf4 13. Qd2 g5 14. Rad1 Qc7
15. e5 dxe5 16. dxe5 fxe5 17. Nxg5 Nf5 18. Nf7 Ne3 19. fxe3 Rf8 20. Nd6+ Ke7 21.
Qd3 Kf6 22. Kh1 f3 23. Ng3 fxg2+ 24. Kxg2 Qg7 25. Kh2 Be6 26. Nh5+ 1-0

[Event "World Youth Girls U18 2014"]
[Site "Durban RSA"]
[Date "2014.09.20"]
[Round "1.16"]
[White "Adanmis, Ezgi"]
[Black "Utiatskaja, Irina"]
[Result "0-1"]
[WhiteElo "1546"]
[BlackElo "2047"]
[WhiteFideId "6360017"]
[BlackFideId "24140848"]
[EventDate "2014.09.20"]

1. e4 e6 2. d4 d5 3. exd5 exd5 4. Bd3 Bd6 5. Nf3 Bg4 6. O-O Ne7 7. Re1 Nc6 8. c3
Qd7 9. a4 O-O-O 10. Nbd2 Ng6 11. Nf1 Nh4 12. Be2 Bxf3 13. Bxf3 h5 14. Ne3 Ne7
15. g3 Nhf5 16. Bg2 Rdf8 17. Qd3 c6 18. a5 Nxe3 19. Bxe3 0-1

[Event "World Youth Girls U18 2014"]
[Site "Durban RSA"]
[Date "2014.09.20"]
[Round "1.18"]
[White "Kumari, S C T"]
[Black "Nevioselaya, Maria"]
[Result "0-1"]
[WhiteElo "1525"]
[BlackElo "2024"]
[WhiteFideId "9917390"]
[BlackFideId "13502280"]
[EventDate "2014.09.20"]

1. d4 d5 2. c4 c6 3. Nc3 Nf6 4. Nf3 a6 5. e3 b5 6. cxd5 cxd5 7. a3 e6 8. Bd3 Bd6
9. Bd2 Nbd7 10. Rc1 Bb7 11. O-O Ne4 12. Ne2 O-O 13. Bc3 Rc8 14. Qb3 Qe7 15. h3
Nb6 16. Bxe4 dxe4 17. Nd2 Bd5 18. Qd1 Nc4 19. Nxc4 Bxc4 20. Re1 Rc6 21. Qd2 Rfc8
22. Ra1 Bb8 23. Bb4 Qc7 24. g3 Qd8 25. Bc3 Qd6 26. Ba5 Qe7 0-1

[Event "World Youth Girls U18 2014"]
[Site "Durban RSA"]
[Date "2014.09.20"]
[Round "1.19"]
[White "Cosman, Andreea-Marioara"]
[Black "Jaskunaite, Areta"]
[Result "1-0"]
[WhiteElo "2018"]
[BlackElo "1499"]
[WhiteFideId "1217968"]
[BlackFideId "12809250"]
[EventDate "2014.09.20"]

1. d4 d5 2. c4 e6 3. cxd5 exd5 4. Nc3 Nf6 5. Bg5 c6 6. e3 Bd6 7. Bd3 Nbd7 8. Qc2
h6 9. Bh4 O-O 10. Nge2 Re8 11. Ng3 Qe7 12. a3 1-0

[Event "World Youth Girls U18 2014"]
[Site "Durban RSA"]
[Date "2014.09.20"]
[Round "1.20"]
[White "Engelbrecht, Liezl"]
[Black "Machlik, Monika"]
[Result "0-1"]
[WhiteElo "1479"]
[BlackElo "2005"]
[WhiteFideId "14310830"]
[BlackFideId "1513621"]
[EventDate "2014.09.20"]

1. d4 Nf6 2. c4 e6 3. Nc3 Bb4 4. Bd2 O-O 5. Nf3 b6 6. a3 Bxc3 7. Bxc3 Bb7 8. e3
Ne4 9. Rc1 d6 10. Be2 Nd7 11. O-O Nxc3 12. Rxc3 f5 13. b4 Nf6 14. Qb3 Ne4 15.
Rc2 Rf6 16. c5 Rg6 17. c6 Bc8 18. Kh1 Rh6 19. Bd3 Kh8 20. a4 a5 21. b5 Qe8 22.
h3 Qh5 23. Be2 g5 24. Nh2 g4 25. Kg1 Qh4 26. Bd1 gxh3 27. g3 Qf6 28. Qd3 e5 29.
d5 Rg6 30. Kh1 Nc5 31. Qd2 Nxa4 32. Rc4 Nc5 33. Bh5 Rg7 34. Bd1 Ne4 35. Qe1 Qf7
36. Kg1 Qxd5 37. Rc2 Qxb5 38. Be2 Qd5 39. Bf3 Ba6 40. Bh5 Bxf1 41. Qxf1 0-1

[Event "World Youth Girls U18 2014"]
[Site "Durban RSA"]
[Date "2014.09.20"]
[Round "1.21"]
[White "Diederichs, Luise"]
[Black "Koh, Clarise"]
[Result "1-0"]
[WhiteElo "1992"]
[BlackElo "1446"]
[WhiteFideId "24661597"]
[BlackFideId "3200388"]
[EventDate "2014.09.20"]

1. c4 d5 2. cxd5 Qxd5 3. Nc3 Qa5 4. g3 c6 5. Bg2 Nf6 6. Nf3 e5 7. O-O Bg4 8. d3
Nbd7 9. Bd2 Qc7 10. Rc1 Bc5 11. Na4 Bb6 12. Nxb6 Nxb6 13. b4 Qd6 14. Qc2 Rd8 15.
Rfd1 O-O 16. Be3 Qe6 17. Ng5 Qd7 18. h3 Be6 19. Bc5 Rfe8 20. d4 Qc7 21. dxe5
Qxe5 22. f4 Qc7 23. e4 h6 24. Nxe6 Rxe6 25. a4 Nbd7 26. Bf2 Rc8 27. e5 Nh7 28.
Rd3 g5 29. Be4 Nhf8 30. Rc3 Nxe5 31. fxe5 Qxe5 32. Bf5 1-0

[Event "World Youth Girls U18 2014"]
[Site "Durban RSA"]
[Date "2014.09.20"]
[Round "1.22"]
[White "Iher, Mirjam"]
[Black "Dziodzio, Angelika"]
[Result "0-1"]
[WhiteElo "1389"]
[BlackElo "1991"]
[WhiteFideId "4503627"]
[BlackFideId "1170643"]
[EventDate "2014.09.20"]

1. d4 Nf6 2. e3 d6 3. Bd3 Nbd7 4. Nd2 e5 5. c3 Be7 6. b3 O-O 7. Bb2 Re8 8. Rc1
Bf8 9. Ne2 g6 10. Bb1 Bg7 11. Ng3 c6 12. h4 h5 13. Nge4 Nxe4 14. Nxe4 d5 15. Ng5
e4 16. g3 Nf8 17. c4 Bg4 18. Qd2 Qd7 19. O-O Bh6 20. Rce1 Bxg5 21. hxg5 Bf3 22.
Kh2 Nh7 23. cxd5 Nxg5 0-1

[Event "World Youth Girls U18 2014"]
[Site "Durban RSA"]
[Date "2014.09.21"]
[Round "2.1"]
[White "Machlik, Monika"]
[Black "Saduakassova, Dinara"]
[Result "0-1"]
[BlackTitle "WGM"]
[WhiteElo "2005"]
[BlackElo "2409"]
[WhiteFideId "1513621"]
[BlackFideId "13700090"]
[EventDate "2014.09.20"]

1. d4 Nf6 2. c4 e6 3. Nc3 Bb4 4. Qc2 O-O 5. a3 Bxc3+ 6. Qxc3 b5 7. cxb5 c6 8.
Bg5 cxb5 9. e3 Bb7 10. Nf3 h6 11. Bh4 Nc6 12. Be2 Rc8 13. Qd3 a6 14. O-O Na5 15.
Nd2 Nc4 16. b3 Nxd2 17. Qxd2 Ne4 18. Bxd8 Nxd2 19. Rfd1 Nxb3 20. Rab1 Rfxd8 21.
Rxb3 Bd5 22. Rb4 Rc3 23. Ra1 Rdc8 24. Rbb1 Rc2 25. Bf3 Ba2 26. Rd1 R8c3 27. Be4
Rb2 28. Rd3 Rcc2 29. f4 Bd5 30. Bxd5 exd5 31. g3 Rg2+ 32. Kh1 Rxh2+ 33. Kg1
Rbg2+ 34. Kf1 Rxg3 35. Rc1 Rgg2 36. Rdc3 Re2 37. Rc8+ Kh7 38. Rd8 Rxe3 39. Rxd7
Rxa3 40. Kg1 Raa2 41. Rxd5 Rag2+ 42. Kf1 Rf2+ 43. Kg1 Rhg2+ 44. Kh1 Rg4 0-1

[Event "World Youth Girls U18 2014"]
[Site "Durban RSA"]
[Date "2014.09.21"]
[Round "2.2"]
[White "Rodriguez Rueda, Paula Andrea"]
[Black "Cosman, Andreea-Marioara"]
[Result "1-0"]
[WhiteTitle "WIM"]
[WhiteElo "2349"]
[BlackElo "2018"]
[WhiteFideId "4404564"]
[BlackFideId "1217968"]
[EventDate "2014.09.20"]

1. d4 Nf6 2. Nf3 c5 3. e3 e6 4. c4 d5 5. Nc3 Nc6 6. a3 a6 7. dxc5 Bxc5 8. b4 Be7
9. Bb2 O-O 10. cxd5 exd5 11. Be2 Be6 12. Nd4 Rc8 13. O-O b5 14. Nxc6 Rxc6 15.
Bf3 Rd6 16. Ne2 Nd7 17. a4 Nb6 18. axb5 axb5 19. Bd4 Rc6 20. Nf4 Nc4 21. Ra7 Bf6
22. Bc5 Re8 23. Nxd5 Bxd5 24. Qxd5 Rce6 25. Qb7 Nd6 26. Bxd6 Qxd6 27. Qxf7+ Kh8
28. Rd1 Qxb4 29. Qxe6 1-0

[Event "World Youth Girls U18 2014"]
[Site "Durban RSA"]
[Date "2014.09.21"]
[Round "2.3"]
[White "Dziodzio, Angelika"]
[Black "Osmanodja, Filiz"]
[Result "0-1"]
[BlackTitle "WIM"]
[WhiteElo "1991"]
[BlackElo "2310"]
[WhiteFideId "1170643"]
[BlackFideId "24633569"]
[EventDate "2014.09.20"]

1. e4 c5 2. Nf3 d6 3. d4 Nf6 4. Nc3 cxd4 5. Qxd4 a6 6. Bg5 Nc6 7. Qd2 e6 8. a4
Be7 9. Bc4 O-O 10. O-O Qc7 11. Rad1 Rd8 12. h3 b6 13. Rfe1 Bb7 14. Bf1 Rac8 15.
Qe2 Nb4 16. Nd4 h6 17. Bh4 Rd7 18. g4 d5 19. Bg3 Qd8 20. exd5 Nfxd5 21. Nxd5
Bxd5 22. c3 Nc6 23. Qxa6 Nxd4 24. Rxd4 Bc5 25. Rdd1 Ra8 26. Qe2 Rxa4 27. Qc2 Bf3
28. Rxd7 Qxd7 29. Bg2 Bxg2 30. Kxg2 Qd5+ 31. Kh2 Ra2 32. Qb1 Qb3 33. Rd1 Be7 34.
Rd2 Bg5 35. f4 Bf6 36. Bf2 g6 37. Qc2 Qc4 38. Be3 b5 39. Qb1 Qb3 40. Qc2 Qc4 41.
Qb1 Bxc3 42. bxc3 Rxd2+ 43. Bxd2 Qe2+ 44. Kg3 Qxd2 45. Qb4 Qe3+ 46. Kg2 Qe2+ 47.
Kg3 Qe3+ 48. Kg2 Qe2+ 49. Kg3 Qd3+ 50. Kg2 Qd5+ 51. Kg3 Kg7 52. Kf2 Qd2+ 53. Kg3
Qd3+ 54. Kg2 Qe2+ 55. Kg3 Qe3+ 56. Kg2 Qe2+ 57. Kg3 Qd3+ 58. Kg2 h5 59. gxh5
gxh5 60. Qb2 Kg6 61. Kh2 Kf5 62. h4 f6 63. Qc1 Qe2+ 64. Kh1 Qf3+ 65. Kg1 Qg3+
66. Kh1 Qxh4+ 67. Kg1 Qg3+ 68. Kh1 Qxf4 0-1

[Event "World Youth Girls U18 2014"]
[Site "Durban RSA"]
[Date "2014.09.21"]
[Round "2.4"]
[White "Navrotescu, Andreea-Cristiana"]
[Black "Diederichs, Luise"]
[Result "1-0"]
[WhiteTitle "WFM"]
[WhiteElo "2208"]
[BlackElo "1992"]
[WhiteFideId "675946"]
[BlackFideId "24661597"]
[EventDate "2014.09.20"]

1. d4 d5 2. c4 c6 3. Nf3 Nf6 4. Qc2 e6 5. g3 dxc4 6. Qxc4 b5 7. Qc2 Bb7 8. Bg2
Qb6 9. a4 a6 10. O-O Nbd7 11. Nc3 Rc8 12. Bf4 c5 13. dxc5 Bxc5 14. axb5 axb5 15.
Qb3 Nd5 16. Bd2 O-O 17. Ne4 Nf4 18. Ba5 Nxe2+ 19. Kh1 Qc6 20. Nxc5 Nxc5 21. Qe3
Qe4 22. Rae1 Qa4 23. b4 Ne4 24. Rxe2 Rc3 25. Qb6 Bd5 26. Nd4 Nf6 27. Qxb5 Qxb5
28. Nxb5 Rcc8 29. Bxd5 1-0